| 000 | 00307nam a22001097a 4500 | ||
|---|---|---|---|
| 008 | 230313b |||||||| |||| 00| 0 eng d | ||
| 050 | _aDT955.B8 1950. | ||
| 100 |
_aBullock,Charles _940270 |
||
| 245 |
_aThe Mashona and the Matabele, _cHarles, Bullock |
||
| 300 |
_av, _b309p; _c22cm. |
||
| 942 |
_2lcc _cMONOGRAPH |
||
| 999 |
_c131669 _d131669 |
||